00879nam a2200193Ia 4500008004100000020001800041050001900059082001700078100004000095245006300135260004100198300004400239500003800283505025000321650002500571650002700596700003100623700003100654130818s2011 mx 000 0 esp d a978607481421714aJF2112.C3bL47 a302.23 L616m1 aLerma Kirchner, Alejandro E.eautor10aMarketing politicob/ Alejandro E. Lerma Kirchner, et al.3 aMéxicob: Cengage Learningc, 2011 a364 páginasb: ilustracionesc; 25 cm aIncluye: Bibliografía (p. 364)1 aConceptos básicos Delitos electorales y prácticas desleales El producto en el marketing político (segunda parte) El producto en el marketing político de gobierno El mercado político Investigación del mercado electoral La promoción 10aMARKETING POLÍTICO20aCAMPAÑAS ELECTORALES aBárcena Juárez Sergio  aVite López, Romeoeautor